Management Information Systems:The Manage Views (Record no. 4620)
[ view plain ]
| 000 -LEADER | |
|---|---|
| fixed length control field | 00603nam a2200205Ia 4500 |
| 003 - CONTROL NUMBER IDENTIFIER | |
| control field | OSt |
| 005 - DATE AND TIME OF LATEST TRANSACTION | |
| control field | 20220817102201.0 |
| 008 - FIXED-LENGTH DATA ELEMENTS--GENERAL INFORMATION | |
| fixed length control field | 220817b |||||||| |||| 00| 0 eng d |
| 020 ## - INTERNATIONAL STANDARD BOOK NUMBER | |
| International Standard Book Number | 025625190 |
| 040 ## - CATALOGING SOURCE | |
| Transcribing agency | IFM Library |
| 082 ## - DEWEY DECIMAL CLASSIFICATION NUMBER | |
| Classification number | 658.4038011 |
| 100 ## - MAIN ENTRY--PERSONAL NAME | |
| Personal name | Schultheis, Robert |
| 9 (RLIN) | 7581 |
| 245 ## - TITLE STATEMENT | |
| Title | Management Information Systems:The Manage Views |
| 260 ## - PUBLICATION, DISTRIBUTION, ETC. | |
| Place of publication, distribution, etc. | Boston: |
| Name of publisher, distributor, etc. | Irwin McGraw-Hill, |
| Date of publication, distribution, etc. | 1998 |
| 300 ## - PHYSICAL DESCRIPTION | |
| Extent | xxii, 743p.: |
| Other physical details | ill.; 26cm. |
| 500 ## - GENERAL NOTE | |
| General note | Includes Bibliographical References and Index |
| 650 ## - SUBJECT ADDED ENTRY--TOPICAL TERM | |
| Topical term or geographic name entry element | Management Information Systems |
| 9 (RLIN) | 3166 |
| 700 ## - ADDED ENTRY--PERSONAL NAME | |
| Personal name | Summer, Mary |
| 942 ## - ADDED ENTRY ELEMENTS (KOHA) | |
| Koha item type | Books |
| Source of classification or shelving scheme | Dewey Decimal Classification |
| Suppress in OPAC | No |
| Withdrawn status | Lost status | Source of classification or shelving scheme | Damaged status | Not for loan | Collection code | Home library | Current library | Shelving location | Date acquired | Source of acquisition | Full call number | Barcode | Date last seen | Price effective from | Koha item type |
|---|---|---|---|---|---|---|---|---|---|---|---|---|---|---|---|
| Dewey Decimal Classification | Non-fiction | IFM Main Campus Library | IFM Main Campus Library | General Collection | 08/17/2022 | Purchase | 658.4038011 SCH | 0000003747 | 05/15/2015 | 02/19/2022 | Books | ||||
| Dewey Decimal Classification | Non-fiction | IFM Main Campus Library | IFM Main Campus Library | General Collection | 08/17/2022 | Purchase | 658.4038011 SCH | 0000014116 | 10/19/2015 | 02/19/2022 | Books | ||||
| Dewey Decimal Classification | Non-fiction | IFM Main Campus Library | IFM Main Campus Library | General Collection | 08/17/2022 | Purchase | 658.4038011 SCH | 0000003746 | 10/19/2015 | 02/19/2022 | Books |
